000 00692nam a2200193 a 4500
001 000042616
005 20201002040257.0
008 140131s1983 sp ac 000 0 spa d
020 _a8439804210
040 _aDO-SdBNP
_bspa
_cBNPHU
245 0 3 _aUn año para la esperanza. /
_cfotografías, Miguel Otero, Manuel López, Paco Elvira; prólogo, Ramón Rubial.
260 _aEspaña, :
_bEquipo de Documentación Política,
_c1983.
300 _a173 p. :
_bil., retrs. ;
_c21 cm.
500 _a365 días de gobierno socialista
700 1 _aRubial, Ramón
_eprol
_969870
700 1 _aOtero, Miguel
_efot.
_969871
700 1 _aLópez, Manuel
_efot.
_969872
700 1 _aElvira, Paco
_etrad.
_969873
999 _c42105
_d42105